
Library Catalogue

| 000 -LEADER | |
|---|---|
| fixed length control field | 01491cam a2200313 i 4500 |
| 001 - CONTROL NUMBER | |
| control field | 19203332 |
| 003 - CONTROL NUMBER IDENTIFIER | |
| control field | OSt |
| 005 - DATE AND TIME OF LATEST TRANSACTION | |
| control field | 20260219065705.0 |
| 008 - FIXED-LENGTH DATA ELEMENTS--GENERAL INFORMATION | |
| fixed length control field | 160803s2017 enk b 001 0 eng |
| 010 ## - LIBRARY OF CONGRESS CONTROL NUMBER | |
| LC control number | 2016035546 |
| 020 ## - INTERNATIONAL STANDARD BOOK NUMBER | |
| International Standard Book Number | 9781107171213 |
| 020 ## - INTERNATIONAL STANDARD BOOK NUMBER | |
| International Standard Book Number | 9781316622094 |
| 040 ## - CATALOGING SOURCE | |
| Original cataloging agency | DLC |
| Language of cataloging | eng |
| Transcribing agency | DLC |
| Description conventions | rda |
| Modifying agency | DLC |
| 042 ## - AUTHENTICATION CODE | |
| Authentication code | pcc |
| 082 00 - DEWEY DECIMAL CLASSIFICATION NUMBER | |
| Classification number | 341.6 CHI |
| 100 ## - MAIN ENTRY--PERSONAL NAME | |
| Personal name | Chinkin, C. M. |
| 245 10 - TITLE STATEMENT | |
| Title | International law and new wars / |
| Statement of responsibility, etc. | Christine Chinkin and Mary Kaldor |
| 264 #1 - PRODUCTION, PUBLICATION, DISTRIBUTION, MANUFACTURE, AND COPYRIGHT NOTICE | |
| Place of production, publication, distribution, manufacture | Cambridge : |
| Name of producer, publisher, distributor, manufacturer | Cambridge University Press, |
| Date of production, publication, distribution, manufacture, or copyright notice | 2017. |
| 300 ## - PHYSICAL DESCRIPTION | |
| Extent | xviii, 592 p. ; |
| Dimensions | 24 cm |
| 505 0# - Contents | |
| Contents | • Introduction<br/>• Sovereignty and the authority to use force <br/>• The relevance of international law<br/>• Self-defence as a justification for war: the geo-political and war on terror models<br/>• The humanitarian model for recourse to force<br/>• How force is used – Weapons<br/>• 'Post-conflict' and governance<br/>• The liberal peace: peacemaking, peacekeeping, and peacebuilding<br/>• Justice and accountability<br/>• Second-generation human security<br/>• What does human security require of international law?<br/> |
| 650 #0 - SUBJECT ADDED ENTRY--TOPICAL TERM | |
| Topical term or geographic name entry element | War (International law) |
| 650 #0 - SUBJECT ADDED ENTRY--TOPICAL TERM | |
| Topical term or geographic name entry element | Jurisdiction (International law) |
| 650 #0 - SUBJECT ADDED ENTRY--TOPICAL TERM | |
| Topical term or geographic name entry element | Self-defense (International law) |
| 650 #0 - SUBJECT ADDED ENTRY--TOPICAL TERM | |
| Topical term or geographic name entry element | Humanitarian law. |
| 700 1# - ADDED ENTRY--PERSONAL NAME | |
| Personal name | Kaldor, Mary |
| 906 ## - LOCAL DATA ELEMENT F, LDF (RLIN) | |
| a | 7 |
| b | cbc |
| c | orignew |
| d | 1 |
| e | ecip |
| f | 20 |
| g | y-gencatlg |
| 942 ## - ADDED ENTRY ELEMENTS (KOHA) | |
| Source of classification or shelving scheme | Dewey Decimal Classification |
| Koha item type | BOOKs |
| Withdrawn status | Lost status | Source of classification or shelving scheme | Materials specified (bound volume or other part) | Damaged status | Not for loan | Home library | Current library | Shelving location | Date acquired | Source of acquisition | Coded location qualifier | Cost, normal purchase price | Total Checkouts | Full call number | Barcode | Date last seen | Date last checked out | Price effective from | Koha item type |
|---|---|---|---|---|---|---|---|---|---|---|---|---|---|---|---|---|---|---|---|
| Dewey Decimal Classification | PB | NLS | NLS | 11/03/2018 | Purchased | 3032 | 3032.00 | 1 | 341.6 CHI | 36083 | 12/04/2019 | 29/03/2019 | 11/03/2019 | BOOKs |